[Event "Tournament"]
[Site "masterchessopen.com - Oslo (Norway)"]
[Round "1"]
[White "Dannevig Oystein (NOR)"]
[Black "Barkhagen Jonas (SWE)"]
[Result "0-1"]
[WhiteElo "2350"]
[BlackElo "2442"]

1.Nf3 c5 2.g3 Nc6 3.Bg2 g6 4.c4 Bg7 5.Nc3 e5 6.d3 Nge7 7.O-O O-O 8.a3 a6 9.Rb1
Rb8 10.b4 cxb4 11.axb4 b5 12.c5 f5 13.Qb3+ Kh8 14.Ng5 d5 15.f4 Nd4 16.Qa3 e4
17.e3 Ndc6 18.Ne2 h6 19.Nh3 a5 20.bxa5 b4 21.Qb3 Ba6 22.Nf2 Qxa5 23.Qc2 b3
24.Rxb3 Qa4 25.dxe4 Qxb3 {#R} 0-1

[Event "It (cat.8)"]
[Site "masterchessopen.com - Alushta (Ukraine)"]
[Round "11"]
[White "Eljanov Vladimir (UKR)"]
[Black "Sharapov Evgeny (UKR)"]
[Result "0-1"]
[WhiteElo "2472"]
[BlackElo "2414"]

1.c4 c5 2.g3 Nc6 3.Bg2 g6 4.Nc3 Bg7 5.Nf3 e5 6.O-O Nge7 7.a3 a5 8.Ne1 O-O
9.Nc2 d6 10.Rb1 Be6 11.Ne3 Rb8 12.Ned5 b5 13.Nxe7+ Nxe7 14.cxb5 d5 15.a4 f5
16.e3 d4 17.exd4 cxd4 18.Ne2 f4 19.gxf4 exf4 20.Be4 d3 21.Nc3 Nf5 22.Qf3 Nd4
23.Qxd3 f3 24.Kh1 Qh4 25.Rg1 Be5 26.Rg3 Bxg3 {#R} 0-1

[Event "Tournament"]
[Site "masterchessopen.com - Buenos Aires (Argentina)"]
[Round "2"]
[White "Montero Walter (ARG)"]
[Black "Albarran Gustavo (ARG)"]
[Result "0-1"]
[WhiteElo "2062"]
[BlackElo "2211"]

1.Nf3 c5 2.g3 g6 3.c4 Bg7 4.Bg2 Nc6 5.Nc3 e5 6.d3 Nge7 7.O-O d6 8.Bd2 h6 9.Qc1
f5 10.Nh4 Be6 11.f4 exf4 12.gxf4 O-O 13.Kh1 Kh7 14.Rg1 Bf6 15.Qe1 d5 16.cxd5
Nxd5 17.Nxg6 Rg8 18.Ne5 Nxe5 19.fxe5 Bxe5 20.e4 Nb4 21.exf5 Nxd3 22.Qe2 Qh4
23.Be4 Nf2+ 24.Qxf2 Qxf2 25.fxe6+ Kh8 26.Bg2 Qh4 {#R} 0-1

[Event "It (open)"]
[Site "masterchessopen.com - Cali (Colombia)"]
[Round "1"]
[White "Gomez Dario G (COL)"]
[Black "Gamboa Nelson (COL)"]
[Result "0-1"]
[WhiteElo "2082"]
[BlackElo "2351"]

1.Nf3 c5 2.c4 Nc6 3.Nc3 e5 4.g3 g6 5.Bg2 Bg7 6.O-O Nge7 7.d3 O-O 8.Bg5 h6
9.Bd2 d6 10.Qc1 Kh7 11.Rb1 Be6 12.Nd5 Nxd5 13.cxd5 Bxd5 14.Ng5+ hxg5 15.Bxd5
g4 16.f4 Qd7 17.f5 gxf5 18.Rxf5 Nd4 19.Rh5+ Kg6 20.Rg5+ Kh7 21.Qf1 {#R} 0-1

[Event "Ch Helsinki"]
[Site "masterchessopen.com - Helsinki (Finland)"]
[Round "8"]
[White "Makinen Ilkka (FIN)"]
[Black "Haapasalo Jukka-Pekka (FIN)"]
[Result "0-1"]
[WhiteElo "2154"]
[BlackElo "2175"]

1.g3 g6 2.Bg2 c5 3.c4 Bg7 4.Nc3 Nc6 5.Nf3 e5 6.d3 Nge7 7.O-O O-O 8.Rb1 d6 9.a3
a5 10.Ne1 Be6 11.Nc2 d5 12.cxd5 Nxd5 13.Ne3 Nde7 14.Nc4 Rb8 15.Nb5 Nd5 16.Bd2
b6 17.f4 exf4 18.gxf4 Nd4 19.Nxd4 cxd4 20.b4 Nc3 {#R} 0-1

[Event "Ch Serbia"]
[Site "masterchessopen.com - Kragujevac (Yugoslavia)"]
[Round "4"]
[White "Brkljaca Ante (SRB)"]
[Black "Pikula Dejan (SRB)"]
[Result "0-1"]
[WhiteElo "2373"]
[BlackElo "2503"]

1.c4 c5 2.Nc3 Nc6 3.Nf3 g6 4.g3 Bg7 5.Bg2 e5 6.O-O Nge7 7.a3 O-O 8.Rb1 a5
9.Ne1 d6 10.Nc2 Be6 11.d3 d5 12.cxd5 Nxd5 13.Nxd5 Bxd5 14.Bxd5 Qxd5 15.b4 cxb4
16.axb4 a4 17.b5 Nd4 18.Nxd4 exd4 19.Rb4 a3 20.Qb3 Qxb3 21.Rxb3 a2 22.Bb2 Rfc8
23.Ra1 Ra4 24.Kf1 Rc3 25.Bxc3 dxc3 26.e3 c2 27.d4 Rxd4 {#R} 0-1

[Event "Ch World (juniors) (under 18)"]
[Site "masterchessopen.com - Oropesa (Spain)"]
[Round "6"]
[White "Rakhimbekov Said (KAZ)"]
[Black "Ni Hua (CHN)"]
[Result "0-1"]
[WhiteElo "2243"]
[BlackElo "2490"]

1.c4 c5 2.Nc3 Nc6 3.g3 g6 4.Bg2 Bg7 5.Nf3 e5 6.d3 Nge7 7.O-O O-O 8.Ne1 d6
9.Nc2 Be6 10.Nd5 Qd7 11.Re1 Bh3 12.Bh1 Nxd5 13.cxd5 Ne7 14.a4 f5 15.e3 g5
16.Ra3 f4 17.Be4 f3 18.Bxf3 Qf5 19.Be4 Qxf2+ 20.Kh1 Rf6 21.Ra1 Nf5 22.Rg1 Rh6
23.Bxf5 Qxh2+ {#R} 0-1

[Event "It (open)"]
[Site "masterchessopen.com - Senden (Germany)"]
[Round "2"]
[White "Hermaneck Helmut (GER)"]
[Black "Petrosian Suren (ARM)"]
[Result "0-1"]
[WhiteElo "2145"]
[BlackElo "2393"]

1.c4 c5 2.Nc3 g6 3.g3 Bg7 4.Bg2 Nc6 5.Nf3 e5 6.d3 Nge7 7.O-O O-O 8.e4 d6 9.Be3
f5 10.Qd2 Nd4 11.Nh4 f4 12.Bxd4 exd4 13.Nd5 Nxd5 14.cxd5 g5 15.Nf5 Bxf5
16.exf5 Rxf5 17.Be4 Rf7 18.g4 f3 19.Qd1 Be5 20.Bf5 Rxf5 21.gxf5 g4 22.Re1
Bxh2+ 23.Kf1 Qh4 24.Re4 Bf4 {#R} 0-1

[Event "It (a)"]
[Site "masterchessopen.com - St. Lo (France)"]
[Round "2"]
[White "Ghitescu Theodor (ROM)"]
[Black "Pira Davoud (FRA)"]
[Result "0-1"]
[WhiteElo "2381"]
[BlackElo "2441"]

1.c4 c5 2.Nf3 Nc6 3.Nc3 e5 4.g3 g6 5.Bg2 Bg7 6.O-O Nge7 7.Ne1 a6 8.Nc2 O-O
9.Ne3 b5 10.d3 Rb8 11.Ned5 d6 12.e3 Be6 13.Rb1 f5 14.Bd2 bxc4 15.dxc4 e4 16.h3
Ne5 17.Qe2 Qd7 18.Nf4 Bf7 19.Rbd1 g5 20.Nfd5 N7c6 21.Be1 Qe6 22.f3 Qh6 23.g4
fxg4 24.Nxe4 gxh3 {#R} 0-1

[Event "It"]
[Site "masterchessopen.com - Tampere (Finland)"]
[Round "6"]
[White "Lehtinen Heikki (FIN)"]
[Black "Savolainen Leo (RUS)"]
[Result "1-0"]
[WhiteElo "2329"]
[BlackElo "2215"]

1.c4 c5 2.g3 Nc6 3.Bg2 g6 4.Nc3 Bg7 5.Nf3 e5 6.a3 Nge7 7.b4 cxb4 8.axb4 d5
9.b5 Nb8 10.b6 Nbc6 11.cxd5 Nxd5 12.Nxd5 Qxd5 13.Bb2 O-O 14.O-O Qd8 15.Qc2
Qxb6 16.Rfb1 Qc7 17.d4 e4 18.Ne5 Re8 19.Bxe4 Qe7 20.f4 Bf5 21.Bxf5 gxf5
22.Qxf5 f6 23.Ng4 h5 24.Qxh5 Qxe2 25.d5 Rad8 26.Nxf6+ Kf8 27.Ba3+ {#r} 1-0

[Event "Ch Poland (team)"]
[Site "masterchessopen.com - Zakopane (Poland)"]
[Round "11"]
[White "Zaskalski Arkadiusz (POL)"]
[Black "Wojcieszyn Jacenty (POL)"]
[Result "0-1"]
[WhiteElo "2211"]
[BlackElo "2308"]

1.Nf3 g6 2.c4 Bg7 3.g3 e5 4.Nc3 c5 5.Bg2 Nc6 6.O-O Nge7 7.d3 O-O 8.a3 d6 9.Rb1
a5 10.Ne1 Be6 11.Nd5 Rb8 12.Bd2 b5 13.cxb5 Bxd5 14.Bxd5 Nxd5 15.bxc6 Qc7
16.Qa4 Ra8 17.e4 Ne7 18.Nc2 Qxc6 19.Qxc6 Nxc6 20.Ne3 Nd4 21.Kg2 a4 22.Bc3 Nb5
23.Nc4 Ra6 24.Bd2 Nd4 25.Bc3 Nb3 26.Rfd1 Rd8 27.Ne3 Ra7 {#R} 0-1

[Event "It (open)"]
[Site "masterchessopen.com - Miskolc (Hungary)"]
[Date "2000.06.19"]
[Round "1"]
[White "Pikovszki Janos (HUN)"]
[Black "Heindrich Janos (HUN)"]
[Result "0-1"]
[WhiteElo "1753"]
[BlackElo "2154"]

1.c4 e5 2.Nf3 c5 3.Nc3 Nc6 4.g3 g6 5.Bg2 Bg7 6.O-O Nge7 7.d3 d6 8.Qc2 O-O
9.Bg5 h6 10.Be3 Be6 11.Rad1 Qd7 12.Qd2 Kh7 13.Ne4 f5 14.Nc3 g5 15.Qc1 f4
16.Bd2 Ng6 17.Ne4 g4 18.Ne1 Nd4 19.Nc3 f3 20.exf3 gxf3 21.Nxf3 Nxf3+ 22.Kh1
Bh3 23.Nd5 Bxg2+ 24.Kxg2 Ngh4+ 25.gxh4 Qg4+ {#R} 0-1

[Event "Memorial E.Geller (open)"]
[Site "masterchessopen.com - Moscow (Russia)"]
[Round "1"]
[White "Timofeev Artyom (RUS)"]
[Black "Kachar Vladimir (RUS)"]
[Result "1-0"]
[WhiteElo "2517"]
[BlackElo "2363"]

1.c4 c5 2.Nc3 Nc6 3.g3 g6 4.Bg2 Bg7 5.Nf3 e5 6.O-O Nge7 7.a3 d6 8.Rb1 a5 9.d3
O-O 10.Bd2 h6 11.Ne1 Rb8 12.Nc2 Be6 13.b4 axb4 14.axb4 Nxb4 15.Nxb4 cxb4
16.Nb5 Nc6 17.Bxb4 Nxb4 18.Rxb4 d5 19.cxd5 Bxd5 20.Bxd5 Qxd5 21.Nc3 Qc6 22.Qb3
Rfc8 23.Nd5 Bf8 24.Rb6 Qc2 25.Nf6+ {#r} 1-0

[Event "It (open)"]
[Site "masterchessopen.com - Polanica Zdroj (Poland)"]
[Round "10"]
[White "Markowski Tomasz (POL)"]
[Black "Babaev Rashad (AZE)"]
[Result "1-0"]
[WhiteElo "2550"]
[BlackElo "2361"]

1.g3 g6 2.Bg2 Bg7 3.c4 c5 4.Nc3 Nc6 5.Nf3 e5 6.a3 a5 7.O-O d6 8.d3 Nge7 9.Rb1
O-O 10.Bd2 h6 11.Ne1 Be6 12.Nd5 Rb8 13.Nc2 b5 14.b4 axb4 15.axb4 cxb4 16.Ncxb4
bxc4 17.dxc4 Na5 18.Nxe7+ Qxe7 19.Nd5 Bxd5 20.Bxd5 Nb7 21.Qb3 {#r} 1-0

[Event "It (open)"]
[Site "masterchessopen.com - Skelleftea (Sweden)"]
[Round "5"]
[White "Linqvist Grels (FIN)"]
[Black "Helin Mikael (SWE)"]
[Result "0-1"]
[WhiteElo "2112"]
[BlackElo "2062"]

1.c4 g6 2.g3 Bg7 3.Bg2 c5 4.Nc3 e5 5.Nf3 Nc6 6.O-O d6 7.Ne1 g5 8.h3 Nge7 9.Nc2
Be6 10.Ne3 f5 11.Ned5 Ng6 12.d3 h5 13.a3 g4 14.h4 f4 15.Ne4 Nxh4 16.gxh4 Qxh4
17.Nc7+ Ke7 18.Nxe6 Kxe6 19.b4 Rhg8 20.Bb2 Nd4 21.Bxd4 exd4 22.f3 Be5 23.fxg4
Rxg4 24.Rf2 Rag8 25.Kf1 Qh1+ 26.Bxh1 Rg1# 0-1

[Event "It (open)"]
[Site "masterchessopen.com - Bethune (France)"]
[Round "6"]
[White "Shchekachev Andrei (FRA)"]
[Black "Degraeve Jean-Marc (FRA)"]
[Result "1-0"]
[WhiteElo "2572"]
[BlackElo "2542"]

{ Shchekachev Andrei (RUS) +0 =1 -0 Degraeve Jean-Marc (FRA) +0 =2 -0 } 1.Nf3
c5 2.c4 Nc6 3.Nc3 e5 4.g3 g6 5.Bg2 Bg7 6.O-O d6 ( 6...Nge7 7.a3 O-O 8.Rb1 a5
9.d3 d6 10.Nd2 Be6 11.Nd5 Rb8 12.b3 b5 13.Bb2 Qd7 14.Re1 f5 15.e3 Bf7 16.f4 {
...1/2-1/2, Damjanovic Branislav(2085) - Degraeve Jean-Marc(2589), Halkidiki
2002 Cup European Club (final) } ) 7.a3 Nge7 { = } 8.b4 ( 8.Rb1 a5 9.d3 O-O
10.Bg5 f6 11.Be3 Be6 12.Ne1 Qd7 13.Nc2 a4 14.b3 axb3 15.Rxb3 Rfc8 16.Qb1 Ra6
17.Rb6 Qc7 { ...1-0, Andersson Ulf(2600) - Seirawan Yasser(2580), Linares 1986
} ) ( 8.d3 O-O 9.Rb1 a5 10.Bd2 Rb8 11.Qc1 f6 12.Ne1 Be6 13.Nc2 d5 14.cxd5 Nxd5
15.Nxd5 Bxd5 16.Bxd5+ Qxd5 17.Ne3 Qd6 { ...1/2-1/2, Bareev Evgeny(2726) -
Lautier Joel(2663), Cannes 2002 It (cat.18) } ) 8...e4 ( 8...O-O 9.Rb1 f5
10.Ne1 Kh8 11.d3 h6 12.Na4 cxb4 13.axb4 g5 14.e3 Ng6 15.b5 Nce7 16.Ba3 Rf6
17.Nc3 g4 18.Nc2 { ...0-1, Loginov Valery A(2526) - Bu Xiangzhi(2365), Moscow
2002 It (open) "Aeroflot" } ) 9.Ne1 ( 9.Ng5 f5 10.Bb2 h6 11.Nh3 Be6 12.d3 exd3
13.exd3 Qd7 14.Re1 g5 15.bxc5 dxc5 16.Na4 Bxb2 17.Nxc5 Qd6 18.Nxe6 Bxa1 {
...1-0, Rajkovic Dusan(2420) - Nicevski Risto(2395), Stip 1976 } ) 9...f5
10.Bb2 ( 10.Nc2 O-O 11.Bb2 Ne5 12.Ne3 Be6 13.d3 exd3 14.exd3 f4 15.gxf4 Rxf4
16.Bxb7 N7c6 17.Bxa8 Qxa8 18.Ncd5 Qf8 19.Bxe5 Bxe5 { ...0-1, Chatalbashev
Boris(2526) - Ortega Lexy(2494), Naxos 2001 It } ) 10...O-O ( 10...Be6 11.d3
exd3 12.Nxd3 Bxc4 13.Na4 O-O 14.Bxg7 Kxg7 15.bxc5 d5 16.Nab2 Ba6 17.Nb4 Nxb4
18.axb4 Nc6 19.Nd3 g5 20.Qd2 { ...0-1, Romanishin Oleg M(2530) - Short Nigel
D(2510), Lvov 1984 It } ) 11.d3 { +0,00 CAP } 11...Ne5 { N } ( 11...Be6 12.Rb1
( 12.dxe4 fxe4 13.Bxe4 Bxc4 14.Bg2 cxb4 15.axb4 Nxb4 16.Qd2 Nec6 17.Rb1 a5
18.Nc2 Nxc2 19.Qxc2 Nb4 20.Qd2 d5 21.Rfd1 { ...1/2-1/2, Romanishin Oleg
M(2530) - Agzamov Georgy, Sochi 1984 Memorial M.Chigorin } ) 12...exd3 13.Nxd3
cxb4 14.Nd5 Ne5 15.N3xb4 Rb8 16.Bd4 Bxd5 17.cxd5 Qa5 18.Rb3 Rbc8 19.Bxe5 Bxe5
20.Nd3 Bf6 21.Rxb7 { ...1/2-1/2, Petursson Margeir(2550) - Ernst Thomas(2450),
Gausdal 1985 Zt } ) 12.Rc1 Be6 13.Ba1 exd3 14.Nxd3 Bxc4 15.Nf4 Bf7 { } (
15...Qd7 { !? } 16.Ncd5 Nxd5 17.Bxd5+ Bxd5 { } ) 16.Nb5 Nc4 17.Bxg7 Kxg7
18.Rxc4 Bxc4 19.Nxd6 g5 { } ( 19...Bf7 { !? } 20.Qa1+ Kg8 21.Qe5 Qd7 { } )
20.bxc5 gxf4 21.Qd4+ Rf6 22.Qxc4 Qc7 { ? } ( 22...fxg3 { !? } 23.hxg3 Rb8
24.Bxb7 f4 { } ) 23.Qxf4 Qxc5 24.Qg5+ { } {#r} 1-0

[Event "Ch Slovenia (juniors)"]
[Site "masterchessopen.com - Slovenia"]
[Round "0"]
[White "Kukovec Borut (SLO)"]
[Black "Bratovic Blaz (SLO)"]
[Result "1-0"]
[WhiteElo "2179"]
[BlackElo "2322"]

1.Nf3 c5 2.c4 Nc6 3.g3 e5 4.Nc3 g6 5.Bg2 Bg7 6.O-O Nge7 7.Ne1 d6 8.Nc2 Be6
9.Ne3 O-O 10.a3 Qd7 11.Rb1 f5 12.d3 f4 13.Ned5 Bh3 14.b4 Bxg2 15.Kxg2 cxb4
16.axb4 Nd4 17.f3 Nef5 18.c5 g5 19.Ne4 h6 20.Ba3 g4 21.fxg4 Ne3+ 22.Nxe3 fxe3
23.Nxd6 Rxf1 24.Qxf1 Qxg4 25.h3 Qg6 26.Rb2 Nf5 27.Nb5 Rd8 {#r} 1-0

[Event "Memorial A. Petrov (open)"]
[Site "masterchessopen.com - St. Petersburg (Russia)"]
[Round "2"]
[White "Isajevsky Anton (RUS)"]
[Black "Tolstikh Nikolay (RUS)"]
[Result "1-0"]
[WhiteElo "2380"]
[BlackElo "2458"]

1.c4 c5 2.Nc3 Nc6 3.Nf3 e5 4.g3 g6 5.Bg2 Bg7 6.O-O Nge7 7.Rb1 d6 8.a3 a5 9.d3
O-O 10.Ne1 Be6 11.Nc2 d5 12.cxd5 Nxd5 13.Ne3 Nde7 14.Bd2 f5 15.Nc4 Bf7 16.Be3
b6 17.Bg5 Ra7 18.Bxc6 Bxc4 19.Bxe7 {#r} 1-0

[Event "It (open)"]
[Site "masterchessopen.com - Bad Wiessee (Germany)"]
[Date "2002.11.01"]
[Round "7"]
[White "Hellmayr Alois (AUT)"]
[Black "Levin Felix (GER)"]
[Result "0-1"]
[WhiteElo "2253"]
[BlackElo "2523"]

1.Nf3 g6 2.g3 Bg7 3.c4 c5 4.Bg2 Nc6 5.Nc3 e5 6.d3 Nge7 7.a3 O-O 8.Rb1 a5 9.O-O
d6 10.Bd2 h6 11.b3 Be6 12.Ne1 d5 13.cxd5 Nxd5 14.Nc2 Nxc3 15.Bxc3 Qc7 16.Qc1
Rfd8 17.Qb2 b5 18.Qc1 Rac8 19.Re1 c4 20.dxc4 bxc4 21.b4 axb4 22.Nxb4 Nd4
23.Na6 Qa7 24.Bb7 Nb3 25.Bxc8 Nxc1 26.Bxe6 Qxa6 {#R} 0-1

[Event "Ukrainian Games"]
[Site "masterchessopen.com - Alushta (Ukraine)"]
[Round "5"]
[White "Tuka Oleg (UKR)"]
[Black "Kovchan Alexander (UKR)"]
[Result "0-1"]
[WhiteElo "2297"]
[BlackElo "2489"]

1.c4 g6 2.Nc3 c5 3.g3 Bg7 4.Bg2 Nc6 5.Nf3 e5 6.d3 Nge7 7.O-O O-O 8.Ne1 d6
9.Nc2 Be6 10.Rb1 d5 11.cxd5 Nxd5 12.Ne3 Nde7 13.a3 f5 14.Na4 b6 15.b3 Rc8
16.Bb2 Nd4 17.Ba1 f4 18.Bxd4 cxd4 19.Nc2 b5 20.Nb2 Bxb3 21.Rc1 fxg3 22.hxg3
Bh6 23.f4 Nf5 {#R} 0-1

[Event "It (open)"]
[Site "masterchessopen.com - Bad Wiessee (Germany)"]
[Round "9"]
[White "Burmakin Vladimir (RUS)"]
[Black "Papa Severin (SUI)"]
[Result "1-0"]
[WhiteElo "2549"]
[BlackElo "2411"]

{ Burmakin Vladimir (RUS) +3 =1 -1 } 1.Nf3 { 1 } 1...c5 2.g3 Nc6 3.Bg2 e5 4.c4
g6 5.Nc3 Bg7 6.O-O ( 6.d3 d6 7.Nd5 Nge7 8.Bg5 h6 9.Bf6 O-O 10.Nxe7+ Nxe7
11.Bxg7 Kxg7 12.O-O Be6 13.e3 Qd7 14.b3 Bg4 15.Qc2 f5 16.Nd2 f4 17.exf4 exf4
18.Qc3+ Kh7 19.f3 Bh3 20.Ne4 Bxg2 21.Kxg2 Nf5 22.Nf6+ Rxf6 23.Qxf6 Ne3+ 24.Kf2
Nxf1 25.Rxf1 fxg3+ { ...1/2-1/2, Burmakin Vladimir 2586 - Ibragimov Ildar 2567
, Ubeda 2001 It (open) } ) 6...Nge7 7.a3 O-O 8.Rb1 a5 9.Ne1 d6 10.Nc2 ( 10.b3
Bf5 11.Nc2 Qd7 12.Ne4 Rad8 13.b4 axb4 14.axb4 b6 15.Re1 Bh3 16.Bh1 h6 17.Nc3
f5 18.d3 f4 19.Ne4 Kh8 20.bxc5 bxc5 21.Na3 Nd4 22.Bb2 Rf7 23.Bxd4 exd4 24.Rb6
Be5 25.Nb5 Nf5 26.Qd2 g5 27.Ra1 Rdf8 28.Ra7 Qd8 29.Rxf7 Rxf7 { ...1-0, Gufeld
Eduard 2485 - Tunik Gennady 2465 , Alushta 1993 It (open) } ) 10...Be6 { = } (
10...Bf5 11.d3 Qd7 12.b4 cxb4 13.axb4 Bh3 14.Bxh3 Qxh3 15.bxa5 Rxa5 16.Rb5
Rxb5 17.cxb5 Nd8 18.Ba3 Qd7 19.Ne3 Ne6 20.Nc4 Nc8 21.Qb1 Rd8 22.Rc1 d5 23.Nd2
Nb6 24.Nf3 Rc8 25.Qb3 e4 26.dxe4 Rxc3 27.Rxc3 dxe4 28.Bb2 exf3 29.Rxf3 Bxb2
30.Qxb2 { ...0-1, Hartoch Robert G 2345 - Velimirovic Dragoljub 2525 ,
Amsterdam 1994 Memorial J.Donner (seniors) } ) ( 10...Nd4 11.Ne3 a4 12.d3 Ra7
13.Ned5 Nxd5 14.Nxd5 Bg4 15.Nc3 Qd7 16.f3 Be6 17.e3 Nb3 18.f4 exf4 19.Rxf4 f5
20.Bd2 Re8 21.Nd5 Nxd2 22.Qxd2 b5 23.b3 axb3 24.Rxb3 bxc4 25.dxc4 Qa4 26.Qc2
Bxd5 27.Bxd5+ Kh8 28.Kh1 h5 29.Rf3 { 1/2-1/2, Williams Simon 2288 - Hanley
Craig 2303 , England 2001 Ch England (team) 2000/01 } ) 11.Ne3 ( 11.Nd5 a4
12.Nce3 Ra7 13.Nc3 Nd4 14.Ned5 Nxd5 15.Nxd5 Qa5 16.b4 axb3 17.e3 Nc6 18.Rxb3
Qd8 19.d3 Ne7 20.Nxe7+ Qxe7 21.Rb6 Qc7 22.Qb3 Rb8 23.Re1 Bf6 24.Qb1 Bd8 25.Rb3
Bd7 26.f4 Ba4 27.Rb2 exf4 28.gxf4 Bf6 29.f5 Bc6 30.fxg6 hxg6 { ...1-0,
Telljohann Sven 2410 - Nielsen Peter Heine 2515 , Germany 1998 Bundesliga
(2nd) West 1997/98 } ) 11...Qd7 ( 11...Rb8 12.Ned5 Bg4 13.h3 Bf5 14.d3 Nxd5
15.cxd5 Ne7 16.b4 cxb4 17.axb4 Qc8 18.Bg5 f6 19.Bd2 Bxh3 20.bxa5 Bxg2 21.Kxg2
h5 22.Qa4 Nf5 23.Rfc1 h4 24.Ne4 Qd8 25.Rb6 Rf7 26.Qb4 Rc8 27.Rxc8 Qxc8 28.Nxd6
Nxd6 29.Qxd6 hxg3 30.Qe6 Qxe6 31.dxe6 { ...1-0, Meister Yakov 2475 - Sherbakov
Ruslan 2558 , Samara 2000 Ch Russia } ) 12.Ned5 Rab8 13.d3 { } 13...Kh8 { N }
( 13...Bh3 14.Bg5 Nxd5 15.Nxd5 Bxg2 16.Kxg2 f5 17.Bd2 f4 18.f3 g5 19.g4 h5
20.h3 b5 21.b4 axb4 22.axb4 bxc4 23.Qa4 Rfe8 24.bxc5 cxd3 25.exd3 dxc5 26.Rxb8
Nxb8 27.Qc4 Kh8 28.Nc3 Qe6 29.Rb1 Nd7 30.Ne4 Qxc4 31.dxc4 Nf6 32.Nxg5 Kg8
33.Bc3 { ...1-0, Hepting Heinrich 2188 - Oral Tomas 2531 , Germany 2000 Bayern
Oberliga 1999/00 } ) ( 13...Nxd5 14.cxd5 Nd4 15.e3 Nb5 16.Qa4 { 1-0, Foisor
Cristina Adela 2360 - Maurer Fritz 2285 , Liechtenstein 1993 It (open) } ) (
13...h5 14.Bg5 f6 15.Bd2 Bg4 16.b4 axb4 17.axb4 Nd4 18.bxc5 dxc5 19.Nxe7+ Qxe7
20.Bd5+ Kh7 21.f3 Bh3 22.Re1 f5 23.Rb6 h4 24.e3 hxg3 25.hxg3 Qg5 26.Kf2 f4
27.Rg1 Nf5 28.gxf4 Qh4+ 29.Ke2 Ng3+ 30.Rxg3 Qxg3 31.Qh1 Bh6 32.Be1 Qg2+
33.Qxg2 { ...1-0, Knoedler Dieter 2260 - Poethig Hans 2104 , Herrenberg 1986
Tournament } ) ( 13...f5 14.Qa4 Nc8 15.Bd2 h6 16.b4 axb4 17.axb4 Rf7 18.Rb2
cxb4 19.Nxb4 Nd8 20.Qxd7 Rxd7 21.Ncd5 Ra8 22.Rfb1 g5 23.Ra2 Rxa2 24.Nxa2 Kh8
25.Nac3 Rf7 26.Ra1 Bf8 27.Nb5 Kg7 28.Bc3 Nc6 29.Nbc7 Bd7 30.Rb1 Nd8 31.f4 Kg6
32.fxe5 dxe5 33.Bxe5 { ...1-0, Thiede Lars 2310 - Sieg Ulrich Dr 2320 ,
Germany 1996 Bundesliga (2nd) North 1995/96 } ) ( 13...Bxd5 14.cxd5 Na7 15.b4
axb4 16.axb4 b6 17.Bd2 Rfd8 18.Qb3 Nb5 19.bxc5 Nxc3 20.Bxc3 dxc5 21.e4 b5
22.Qb2 f6 23.Rfc1 b4 24.Bd2 Rdc8 25.Be3 Qb5 26.Rc4 f5 27.f3 Ra8 28.Bf1 Ra5
29.d6 Nc6 30.Rxc5 Qxc5 31.Bxc5 Rxc5 32.Rc1 Nd4 33.Rxc5 { ...1-0, Fancsy Imre
2325 - Madi Tibor 2310 , Hungary 1996 Ch Hungary (team) 1996/97 } ) ( 13...b6
14.Qa4 Bh3 15.b4 axb4 16.Bxh3 Qxh3 17.Nxe7+ Nxe7 18.axb4 Nf5 19.Re1 Nd4 20.Be3
Ra8 21.Qd1 f5 22.Nd5 f4 23.Bxd4 cxd4 24.gxf4 Bh6 25.f3 Bxf4 26.Nxf4 exf4
27.Kh1 Ra3 28.Qc1 Rxd3 29.Qb2 Rc3 30.Rbc1 Rxc1 31.Rxc1 Re8 32.Qxd4 Rxe2
33.Qd5+ { ...1/2-1/2, Dizdarevic Emir 2527 - Oral Tomas 2531 , Istanbul 2000
Olympiad } ) 14.Bg5 f6 15.Bd2 f5 16.Bg5 { N } ( 16.b4 axb4 17.axb4 b6 18.Qa4
h6 19.Rb2 Qd8 20.bxc5 bxc5 21.Rxb8 Qxb8 22.Rb1 Qd8 23.Nxe7 Nxe7 24.Rb7 Rf7
25.Qb5 Kh7 26.Qb6 Qxb6 27.Rxb6 Nc8 28.Rb8 Bf8 29.Bb7 Nb6 30.Re8 Rf6 31.Nd5
Bxd5 32.cxd5 { 1-0, Loginov Valery A 2610 - Dinstuhl Volkmar 2335 , Budapest
1994 It } ) 16...Bf7 { } ( 16...h6 { !? } 17.Bd2 b6 18.Qa4 Qd8 { } ) 17.Qa4
Ng8 18.Bd2 Nf6 19.Nxf6 Bxf6 20.b4 axb4 { } ( 20...cxb4 { !? } 21.axb4 axb4
22.Rxb4 Qc7 { } ) 21.axb4 Ra8 22.Qb5 cxb4 23.Rxb4 { } {#r} 1-0

[Event "Ch Hungary (team) 2002/03"]
[Site "masterchessopen.com - Hungary"]
[Date "2003.03.23"]
[Round "9"]
[White "Medvegy Zoltan (HUN)"]
[Black "Sinkovics Peter (HUN)"]
[Result "1-0"]
[WhiteElo "2467"]
[BlackElo "2309"]

1.c4 g6 2.g3 Bg7 3.Bg2 c5 4.Nc3 Nc6 5.Nf3 e5 6.a3 Nge7 7.b4 e4 8.Ng5 f5 9.bxc5
Qa5 10.Bb2 O-O 11.Rc1 Qxc5 12.Na4 Qa5 13.c5 Qb5 14.Bxg7 Kxg7 15.O-O Nd4 16.Re1
h6 17.Nh3 Rd8 18.Rb1 Qa5 19.e3 Nf3+ 20.Bxf3 exf3 21.Rb4 d5 22.Qa1+ Kf7 23.Rh4
Bd7 24.Rxh6 Bxa4 25.Qe5 Qxc5 26.Ng5+ Ke8 27.Qe6 {#r} 1-0

[Event "Ch Russia (juniors) (under 10) (g)"]
[Site "masterchessopen.com - Dagomys (Russia)"]
[Round "0"]
[White "Baraeva Irina (RUS)"]
[Black "Nagornaj Polina (RUS)"]
[Result "0-1"]
[WhiteElo "2187"]
[BlackElo "1898"]

1.c4 g6 2.Nc3 Bg7 3.g3 c5 4.Bg2 Nc6 5.Nf3 e5 6.O-O f5 7.d3 Nf6 8.e4 d6 9.Ne1
fxe4 10.dxe4 Nd4 11.Nc2 Be6 12.Nxd4 cxd4 13.Nd5 Bxd5 14.cxd5 O-O 15.b3 Rc8
16.Qd2 Qb6 17.Ba3 Ng4 18.h3 Bh6 19.Qb4 Qxb4 20.Bxb4 Nxf2 21.Rxf2 Be3 22.Rf1
Rc2 23.Kh2 Rfxf2 24.Rxf2 Rxf2 25.Bxd6 d3 {#R} 0-1

[Event "Ch World (juniors) (under 16) (g)"]
[Site "masterchessopen.com - Heraklio (Greece)"]
[Date "2004.11.07"]
[Round "5"]
[White "Gomes M"]
[Black "Leks Hanna (POL)"]
[Result "1-0"]
[WhiteElo "2183"]
[BlackElo "2146"]

1.Nf3 c5 2.c4 Nc6 3.Nc3 g6 4.g3 Bg7 5.Bg2 e5 6.O-O Nge7 7.e4 d6 8.d3 O-O 9.Ne1
Be6 10.f4 Qd7 11.Nf3 Bg4 12.Ne2 Nd4 13.Nexd4 exd4 14.Qe1 Rae8 15.Qf2 b5 16.b3
Bxf3 17.Bxf3 f5 18.Qg2 bxc4 19.bxc4 Rb8 20.g4 fxe4 21.Bxe4 d5 22.cxd5 Qd6
23.Ba3 Rb5 24.Rae1 Rd8 25.f5 g5 26.f6 Bxf6 27.Qh3 {#r} 1-0

[Event "It (open)"]
[Site "masterchessopen.com - Karvina (Czech Republic)"]
[Round "5"]
[White "Mesiarik Rudolf (CZE)"]
[Black "Walach Marcin (POL)"]
[Result "0-1"]
[WhiteElo "2162"]
[BlackElo "2406"]

1.Nf3 c5 2.c4 g6 3.Nc3 Bg7 4.g3 Nc6 5.Bg2 e5 6.d3 Nge7 7.O-O O-O 8.a3 d6 9.Rb1
f5 10.Qc2 f4 11.e3 Bg4 12.h3 Bxf3 13.Bxf3 Bh6 14.Nd5 Nf5 15.exf4 g5 16.fxg5
Nfd4 {#R} 0-1

[Event "Ch ACT"]
[Site "masterchessopen.com - Belconnen (Australia)"]
[Date "2005.08.12"]
[Round "6"]
[White "Dunn Paul (NZL)"]
[Black "Ikeda Junta (AUS)"]
[Result "0-1"]
[WhiteElo "2184"]
[BlackElo "2101"]

1.c4 e5 2.Nc3 c5 3.Nf3 Nc6 4.g3 g6 5.Bg2 Bg7 6.O-O Nge7 7.e3 O-O 8.Ne2 Qb6
9.Rb1 d6 10.d4 Bf5 11.Ra1 cxd4 12.exd4 exd4 13.Nf4 Rac8 14.Re1 Bf6 15.a3 Na5
16.Nxd4 Qxd4 17.Qxd4 Bxd4 {#R} 0-1